Online Catalogue and eLibrary

The Queen's daughters : (Record no. 2873)

MARC details
000 -LEADER
fixed length control field 00459nam a2200169Ia 4500
005 - DATE AND TIME OF LATEST TRANSACTION
control field 20240604012518.0
008 - FIXED-LENGTH DATA ELEMENTS--GENERAL INFORMATION
fixed length control field 240331s9999 xx 000 0 und d
020 ## - INTERNATIONAL STANDARD BOOK NUMBER
ISBN 0803003
082 ## - DDC Classification
Item Number - Author Mark CHA
Class No. 396
100 ## - MAIN ENTRY--PERSONAL NAME
Personal name Chatterjee, R
245 #4 - TITLE STATEMENT
Title The Queen's daughters :
Remainder of title prostitutes as an outcast group in colonial India
260 ## - PUBLICATION, DISTRIBUTION, ETC.
Place of publication, distribution, etc. Fantoft
Name of publisher, distributor, etc. Chr.Michelesen Institution
Date of publication, distribution, etc. 1992
300 ## - PHYSICAL DESCRIPTION
Extent (e.g. Volumes, Pages etc.) vi,34 p.,
650 ## - SUBJECT ADDED ENTRY--TOPICAL TERM
Topical term or geographic name entry element Women
650 ## - SUBJECT ADDED ENTRY--TOPICAL TERM
Topical term or geographic name entry element Prostitiution
942 ## - Koha item type (Biblio)
Koha item type Books in Stacks (Lending)
Holdings
Lost status Damaged status Collection code Home library Current library Shelving location Date acquired Full call number Accession Number Item type
    Lending WERC Library WERC Library Social Science Cupboard 03/31/2024 362.8 CHA 3181 Books in Stacks (Lending)

© WERC Library